Scramble For Africa Countries - Statistics

General Stats
  • This quiz has been taken 76 times
  • The average score is 6 of 7
Answer Stats
Country % Correct
France
95%
Great Britain
93%
Germany
90%
Belgium
80%
Italy
77%
Portugal
77%
Spain
72%
No matching quizzes found
Score Distribution
Percent of People with Each Score
Percentile by Number Answered
Your Score History
You have not taken this quiz